<?xml version="1.0" encoding="UTF-8"?><?xml-stylesheet type="text/xsl" href="static/style.xsl"?><OAI-PMH xmlns="http://www.openarchives.org/OAI/2.0/" xmlns:xsi="http://www.w3.org/2001/XMLSchema-instance" xsi:schemaLocation="http://www.openarchives.org/OAI/2.0/ http://www.openarchives.org/OAI/2.0/OAI-PMH.xsd"><responseDate>2026-04-18T03:18:32Z</responseDate><request verb="GetRecord" identifier="oai:www.recercat.cat:20.500.12327/2089" metadataPrefix="marc">https://recercat.cat/oai/request</request><GetRecord><record><header><identifier>oai:recercat.cat:20.500.12327/2089</identifier><datestamp>2025-10-22T11:23:53Z</datestamp><setSpec>com_2072_4428</setSpec><setSpec>com_2072_4427</setSpec><setSpec>col_2072_487898</setSpec></header><metadata><record xmlns="http://www.loc.gov/MARC21/slim" xmlns:dcterms="http://purl.org/dc/terms/" xmlns:xsi="http://www.w3.org/2001/XMLSchema-instance" xmlns:doc="http://www.lyncode.com/xoai" xsi:schemaLocation="http://www.loc.gov/MARC21/slim http://www.loc.gov/standards/marcxml/schema/MARC21slim.xsd">
   <leader>00925njm 22002777a 4500</leader>
   <datafield ind2=" " ind1=" " tag="042">
      <subfield code="a">dc</subfield>
   </datafield>
   <datafield ind2=" " ind1=" " tag="720">
      <subfield code="a">EFSA Panel on Biological Hazards (BIOHAZ)</subfield>
      <subfield code="e">author</subfield>
   </datafield>
   <datafield ind2=" " ind1=" " tag="720">
      <subfield code="a">Koutsoumanis, Konstantinos</subfield>
      <subfield code="e">author</subfield>
   </datafield>
   <datafield ind2=" " ind1=" " tag="720">
      <subfield code="a">Allende, Ana</subfield>
      <subfield code="e">author</subfield>
   </datafield>
   <datafield ind2=" " ind1=" " tag="720">
      <subfield code="a">Álvarez-Ordóñez, Avelino</subfield>
      <subfield code="e">author</subfield>
   </datafield>
   <datafield ind2=" " ind1=" " tag="720">
      <subfield code="a">Bolton, Declan</subfield>
      <subfield code="e">author</subfield>
   </datafield>
   <datafield ind2=" " ind1=" " tag="720">
      <subfield code="a">Bover-Cid, Sara</subfield>
      <subfield code="e">author</subfield>
   </datafield>
   <datafield ind2=" " ind1=" " tag="720">
      <subfield code="a">Chemaly, Marianne</subfield>
      <subfield code="e">author</subfield>
   </datafield>
   <datafield ind2=" " ind1=" " tag="720">
      <subfield code="a">de Cesare, Alessandra</subfield>
      <subfield code="e">author</subfield>
   </datafield>
   <datafield ind2=" " ind1=" " tag="720">
      <subfield code="a">Hilbert, Friederike</subfield>
      <subfield code="e">author</subfield>
   </datafield>
   <datafield ind2=" " ind1=" " tag="720">
      <subfield code="a">Lindqvist, Roland</subfield>
      <subfield code="e">author</subfield>
   </datafield>
   <datafield ind2=" " ind1=" " tag="720">
      <subfield code="a">Nauta, Maarten</subfield>
      <subfield code="e">author</subfield>
   </datafield>
   <datafield ind2=" " ind1=" " tag="720">
      <subfield code="a">Peixe, Luísa</subfield>
      <subfield code="e">author</subfield>
   </datafield>
   <datafield ind2=" " ind1=" " tag="720">
      <subfield code="a">Ru, Giuseppe</subfield>
      <subfield code="e">author</subfield>
   </datafield>
   <datafield ind2=" " ind1=" " tag="720">
      <subfield code="a">Simmons, Marion</subfield>
      <subfield code="e">author</subfield>
   </datafield>
   <datafield ind2=" " ind1=" " tag="720">
      <subfield code="a">Skandamis, Panagiotis</subfield>
      <subfield code="e">author</subfield>
   </datafield>
   <datafield ind2=" " ind1=" " tag="720">
      <subfield code="a">Suffredini, Elisabetta</subfield>
      <subfield code="e">author</subfield>
   </datafield>
   <datafield ind2=" " ind1=" " tag="720">
      <subfield code="a">Cocconcelli, Pier Sandro</subfield>
      <subfield code="e">author</subfield>
   </datafield>
   <datafield ind2=" " ind1=" " tag="720">
      <subfield code="a">Fernández Escámez, Pablo Salvador</subfield>
      <subfield code="e">author</subfield>
   </datafield>
   <datafield ind2=" " ind1=" " tag="720">
      <subfield code="a">Prieto Maradona, Miguel</subfield>
      <subfield code="e">author</subfield>
   </datafield>
   <datafield ind2=" " ind1=" " tag="720">
      <subfield code="a">Querol, Amparo</subfield>
      <subfield code="e">author</subfield>
   </datafield>
   <datafield ind2=" " ind1=" " tag="720">
      <subfield code="a">Sijtsma, Lolke</subfield>
      <subfield code="e">author</subfield>
   </datafield>
   <datafield ind2=" " ind1=" " tag="720">
      <subfield code="a">Suarez, Juan Evaristo</subfield>
      <subfield code="e">author</subfield>
   </datafield>
   <datafield ind2=" " ind1=" " tag="720">
      <subfield code="a">Sundh, Ingvar</subfield>
      <subfield code="e">author</subfield>
   </datafield>
   <datafield ind2=" " ind1=" " tag="720">
      <subfield code="a">Vlak, Just</subfield>
      <subfield code="e">author</subfield>
   </datafield>
   <datafield ind2=" " ind1=" " tag="720">
      <subfield code="a">Barizzone, Fulvio</subfield>
      <subfield code="e">author</subfield>
   </datafield>
   <datafield ind2=" " ind1=" " tag="720">
      <subfield code="a">Hempen, Michaela</subfield>
      <subfield code="e">author</subfield>
   </datafield>
   <datafield ind2=" " ind1=" " tag="720">
      <subfield code="a">Correia, Sandra</subfield>
      <subfield code="e">author</subfield>
   </datafield>
   <datafield ind2=" " ind1=" " tag="720">
      <subfield code="a">Herman, Lieve</subfield>
      <subfield code="e">author</subfield>
   </datafield>
   <datafield ind2=" " ind1=" " tag="260">
      <subfield code="c">2023-01-25</subfield>
   </datafield>
   <datafield ind2=" " ind1=" " tag="520">
      <subfield code="a">The qualified presumption of safety (QPS) provides a generic pre-assessment of the safety of&#xd;
microorganisms intended for use in the food or feed chains, to support the work of EFSA’s Scientific&#xd;
Panels. QPS assessment allows a fast track evaluation of strains belonging to QPS taxonomic units&#xd;
(TUs): species for bacteria, yeast, fungi, protists/microalgae and families for viruses. QPS TUs are&#xd;
assessed for their body of knowledge and safety. Safety concerns related to a QPS TU are reflected,&#xd;
when possible, as ‘qualifications’, which should be tested at strain and/or product level. Based on the&#xd;
possession of potentially harmful traits by some strains, filamentous fungi, bacteriophages, oomycetes,&#xd;
streptomycetes, Enterococcus faecium, Escherichia coli and Clostridium butyricum are excluded from&#xd;
the QPS assessment. Between October 2019 and September 2022, 323 notifications of TUs were&#xd;
received, 217 related to feed additives, 54 to food enzymes, food additives and flavourings, 14 to plant&#xd;
protection products and 38 to novel foods. The list of QPS-recommended TUs is reviewed every&#xd;
6 months following an extensive literature search strategy. Only sporadic infections with a few QPS&#xd;
status TUs in immunosuppressed individuals were identified and the assessment did not change the&#xd;
QPS status of these TUs. The QPS list has been updated in relation to the most recent taxonomic&#xd;
insights and the qualifications were revised and streamlined. The qualification ‘absence of&#xd;
aminoglycoside production ability’ was withdrawn for Bacillus velezensis. Six new TUs received the QPS&#xd;
status: Bacillus paralicheniformis with the qualification ‘absence of toxigenic activity’ and ‘absence of&#xd;
bacitracin production ability’; Bacillus circulans with the qualifications for ‘production purposes only’&#xd;
and ‘absence of cytotoxic activity’; Haematococcus lacustris (synonym Haematococcus pluvialis) and&#xd;
Ogataea polymorpha, both with the qualification ‘for production purposes only’; Lactiplantibacillus&#xd;
argentoratensis; Geobacillus thermodenitrificans with the qualification ‘absence of toxigenic activity’.</subfield>
   </datafield>
   <datafield ind1="8" ind2=" " tag="024">
      <subfield code="a">Koutsoumanis, Konstantinos, Ana Allende, Avelino Alvarez-Ordóñez, Declan Bolton, Sara Bover‐Cid, Marianne Chemaly and Alessandra De Cesare et al. 2023. "Update of the list of qualified presumption of safety (QPS) recommended microorganisms intentionally added to food or feed as notified to EFSA". EFSA Journal 21 (1). doi:10.2903/j.efsa.2023.7747.</subfield>
   </datafield>
   <datafield ind1="8" ind2=" " tag="024">
      <subfield code="a">1831-4732</subfield>
   </datafield>
   <datafield ind1="8" ind2=" " tag="024">
      <subfield code="a">http://hdl.handle.net/20.500.12327/2089</subfield>
   </datafield>
   <datafield ind1="8" ind2=" " tag="024">
      <subfield code="a">https://doi.org/10.2903/j.efsa.2023.7747</subfield>
   </datafield>
   <datafield ind2="0" ind1="0" tag="245">
      <subfield code="a">Update of the list of qualified presumption of safety (QPS) recommended microorganisms intentionally added to food or feed as notified to EFSA</subfield>
   </datafield>
</record></metadata></record></GetRecord></OAI-PMH>